Physics in ancient india / (Record no. 142665)

MARC details
000 -LEADER
fixed length control field 00866nam a22002297a 4500
005 - DATE AND TIME OF LATEST TRANSACTION
control field 20180611163902.0
010 ## - LCCN (DPL NO)
LC control number B-688708-709
020 ## - INTERNATIONAL STANDARD BOOK NUMBER
International Standard Book Number 9788123779737
Terms of availability 150.00
035 ## - SYSTEM CONTROL NUMBER
System control number EN-102890
035 ## - SYSTEM CONTROL NUMBER
System control number B-688708-709
037 ## - SOURCE OF ACQUISITION
Source of stock number/acquisition Bookwell
Stock number dpl
037 ## - SOURCE OF ACQUISITION
Source of stock number/acquisition DBAD/PUB
082 ## - DEWEY DECIMAL CLASSIFICATION NUMBER
Classification number 530.0954
100 ## - MAIN ENTRY--PERSONAL NAME
Personal name Dongre,Narayan Gopal
245 ## - TITLE STATEMENT
Title Physics in ancient india /
Statement of responsibility, etc by Narayan Gopal Dongre [and] Shankar Gopal Nene
260 ## - PUBLICATION, DISTRIBUTION, ETC. (IMPRINT)
Name of publisher, distributor, etc National Book Trust
Date of publication, distribution, etc 2016
Place of publication, distribution, etc New Delhi
270 ## - ADDRESS
Address Nehru Bhawan, 5 Institutional Area, phase-II Vasant Kunj
City New Delhi
Postal code 110070
300 ## - PHYSICAL DESCRIPTION
Extent xx,110p.
Dimensions 22cm(pbk)
Other physical details ill.
700 ## - ADDED ENTRY--PERSONAL NAME
Personal name Shankar Gopal Nene
942 ## - ADDED ENTRY ELEMENTS (KOHA)
Source of classification or shelving scheme Dewey Decimal Classification
Item type English Books
Classification part 530.0954
Call number suffix DON
Holdings
Withdrawn status Lost status Not for loan Collection code Home library Current library Date acquired Source of acquisition Cost, normal purchase price Full call number Barcode Copy number Cost, replacement price Koha item type
      Non-fiction Ashok Vihar Ashok Vihar 11/06/2018 Bookwell/0752/29-11-2017/643/20-11-2017/15-1-18 150.00 530.0954 DON B-688709 1 150.00 English Books
    Not For Loan Non-fiction D.B.Act.Division Bawana 18/07/2017 DBAD/PUB 150.00 530.0954 DON EN-102890 1 150.00 English Books
      Non-fiction Central Library Central Library 11/06/2018 Bookwell/0752/29-11-2017/643/20-11-2017/15-1-18 150.00 530.0954 DON B-688708 1 150.00 English Books

© Delhi Public Library
Hit Counter
free hit counter